Statistics for Britain by Picture - 7

Click here to take the quiz!

General Stats

  • This quiz has been taken 196 times
    (101 since last reset)
  • The average score is 13 of 20

Answer Stats

Answer% Correct
William Shakespeare
96%
British Airways
91%
Wales
91%
Knight
88%
Scotch whisky
83%
Magna Carta
80%
Red squirrel
79%
Marathon
72%
Kate Winslet
71%
Billy Connolly
70%
Robert Burns
67%
Trafalgar
67%
Robert Baden-Powell
57%
Morris Minor
54%
Keith Richards
49%
{Jodrell} Bank
37%
Wedgwood
36%
Ely
33%
The Solent
29%
Portmeirion
28%

Score Distribution

Percentile by Number Answered

Percent of People with Each Score

Your Score History

You have not taken this quiz since the last reset